| 000 | 00881nam a2200205 i 4500 | ||
|---|---|---|---|
| 001 | 000018452 | ||
| 005 | 20200929165817.0 | ||
| 008 | 760218s1975 pe b 000 0 spa | ||
| 040 |
_aDO-SdBNP _cDLC _dDLC _dBNPHU |
||
| 082 |
_a928 _bC118p |
||
| 100 | 1 |
_aCaceres, Maria Leticia. _93142 |
|
| 245 | 1 | 3 |
_aLa personalidad y obra de D. Juan del Valle y Caviedes / _cM. Leticia Caceres. |
| 260 |
_aArequipa, Peru : _bImp. Editorial El Sol, _c1975. |
||
| 300 |
_a280 p. ; _c22 cm. |
||
| 500 | _a"Las nuevas poesias de don Juan del Valle y Caviedas que se hallan ineditas en el nuevo manuscrito 'Los medicos de Lima' del ano 1690": p. 150-191. | ||
| 504 | _aIncluye bibliografía p. (263-280). | ||
| 600 | 1 | 4 |
_aVALLE Y CAVIEDES, JUAN DEL, _d1652-1692 _xCRÍTICA E INTERPRETACIÓN _939935 |
| 700 | 1 |
_aValle y Caviedes, Juan del, _d1652-1692. _93136 |
|
| 910 | _aCatalogación por derivada / LC | ||
| 999 |
_c17972 _d17972 |
||